000 00978nam a2200277 a 4500
001 000042109
005 20250211114738.0
008 131114s2013 dr a 000 0 spa d
020 _a9789945009279
040 _aDO-SdBNP
_bspa
_cBNPHU
082 _a306.85
_bS211f
100 1 _aSánchez, Mariano
_969109
245 1 0 _aFamilias sanas en una sociedad enferma. /
_cMariano Sánchez; prólogo, Elvis Samuel Medina.
260 _aSanto Domingo :
_b[s.n.],
_c2013.
300 _a218 p. :
_bil. ;
_c23 cm.
500 _aIncluye datos biografícos del autor en la contraportada del libro.
504 _aBibliografía p: 217- 218
590 _aLa biblioteca posee tres (3) ejemplares autografíados por el autor.
590 _aInventariado,2018/DG
650 0 _aFamilias
_9795
650 4 _aEsponsales
_951943
650 0 _aMatrimonio
_9797
650 0 _aViolencia familiar
_91474
700 1 2 _aMedina, Elvis Samuel
_eprol.
_969110
910 _aValidado. Control de calidad MFF
999 _c41598
_d41598